000 00774nam a2200157 a 4500
008 090929s2000 ||||||||||||||||| || u
050 _aAAU(02)2000/2
110 _aAssociation of African Universities
245 1 0 _aAfrican universities and the challenge of knowledge creation and application in the information age: proceedings of the Association of African Universities Day celebrations at CBU, November 10, 2000
260 _aKitwe:
_bAAU/CBU
_c2000
300 _avarious pagings.
350 _a0.00
650 _aUNIVERSITIES AND COLLEGES--AFRICA--CONGRESSES
650 0 _aEDUCATIONAL TESTS AND MEASUREMENTS
995 _D0.00
_FCBU-MAIN LIBRARY (Kitwe)
_H1
_I0.00
_M1
_UAVAILABLE
_WSep 29, 2009
_ZUniversity Collection
999 _c33817
_d33817